| 000 | 01449cab a22002655a 4500 | ||
|---|---|---|---|
| 001 | L152968 | ||
| 008 | 110518e2011 xxk 000 0 eng d | ||
| 035 | _a(Sirsi) u152968 | ||
| 041 | 0 | _aeng | |
| 100 | 1 | _aBarrett, Peter | |
| 245 | 0 | 0 |
_aUpdate _blandlord and tenant |
| 260 | _c2011 | ||
| 490 | 0 |
_aSolicitor's Journal _v 155(14) 12 April 2011, 23-24(2) |
|
| 520 | _aExamines the importance of the correct service of notice to break a commercial lease in the light of "MW Trustees Ltd and ors v Telular Corporation" (see L152967). The precise form, content and service provisions of notices most commonly follow the express provisions within negotiated contractual terms. The principle determined in the above case appears to be applicable to other notice requirements such as rent review or termination clauses. The case demonstrates the need for caution and care in the use of words especially when using email communication. | ||
| 590 | _aKA | ||
| 650 | 2 | 4 | _aMW TRUSTEES LTD AND ORS V TELULAR CORPORATION |
| 650 | 2 | 4 | _aMANNAI INVESTMENT CO LTD V EAGLE STAR LIFE ASSURANCE CO LTD UK |
| 650 | 2 | 4 | _aRENNIE V WESTBURY HOMES (HOLDINGS) LTD |
| 650 | 2 | 4 | _aLAW OF PROPERTY ACT 1925 |
| 650 | 2 | 4 | _aLANDLORD AND TENANT ACT 1927 |
| 651 | 4 |
_aEngland and Wales _y1543- |
|
| 690 | _aPROPERTY-COMMERCIAL PROPERTY-LEASEHOLD COMMERCIAL PROPERTY-COMMERCIAL LANDLORD AND TENANT-COMMERCIAL LEASES | ||
| 700 | 1 | _aSidoli del Ceno, Julian | |
| 942 | _n0 | ||
| 999 |
_c83153 _d83153 |
||